01711nim a2200361 i 4500001000700000003000900007005001700016007001500033008004100048040001800089245014500107260004000252300004300292336002200335337003000357338002400387490004400411511032300455518008000778520009100858540002400949600003000973610006901003653002601072655001701098700003501115700004201150700003301192700003401225710002601259830004401285852002001329197342ES-MaACL20250828062628.0ss lsnjlcipnne140525s1991 sp nnnn |||| 00| spa d bspacES-MaACL00aHomenaje a Josep Plah[Grabación sonora] /cintervienen Luis Apostua Palos, Ignacio Buqueras y Bach, José Prat y Jesús Vasallo Ramos.  aMadrid : bAteneo de Madrid, c1991 a1 casete (ca. 90 min) :bson. ;c11 cm 2rdacontentatexto 2rdamediaasin mediación 2rdacarrieravolumen1 3Actos culturales en el Ateneo de Madrid a Intervienen Luis Apostua Palos, presidente de la Federación de Asociaciones de la Prensa Española; Ignacio Buqueras y Bach, escritor, periodista y empresario; José Prat, presidente del Ateneo de Madrid y Jesús Vasallo Ramos, presidente de la Federación Internacional de Periodistas y Escritores de Turismo.  aGrabado el 23 de abril de 1991 en el Salón de Actos del Ateneo de Madrid. aHomenaje al escritor y periodista Josep Pla por el X aniversario de su fallecimiento.  aDocumento inédito17aPla, Josep, d1897-1981220aAteneo de Madrid-xActos culturales-y1991-vGrabaciones sonoras aArchivo de la palabra 0aConferencias1 aApostua, Luis,d1925-1997eora1 aBuqueras y Bach, Ignacio,d1942-eora aVasallo Ramos, Jesús eora1 aPrat, José,d1905-1994eora2 aAteneo de Madridehis 0aActos culturales en el Ateneo de Madrid aES-MaACLcDEPOZ